La Democracia ateniense.

Uloženo v:
Podrobná bibliografie
Hlavní autor: Rodríguez Adrados, Francisco (autor)
Další autoři: Gonzalo, Manuel (adaptación)
Médium: Kniha
Jazyk:španělština
Vydáno: Madrid, España. Alianza, 1983.
Vydání:Tercera edición.
Edice:Alianza Universidad, 107.
Témata:
Tagy: Přidat tag
Žádné tagy, Buďte první, kdo vytvoří štítek k tomuto záznamu!

MARC

LEADER 00000nam a2200000 a 4500
001 UCZ5445
003 CL-VaPUC
005 20220822114327.0
008 951117e19830000SP |||||||||||||||||spa|d
999 |c 241763  |d 241761 
020 |a 84-206-2107-2  
040 |c Pontificia Universidad Católica de Valparaíso 
082 0 4 |a 320.531 ROD 1983  |2 21 
100 0 |a Rodríguez Adrados, Francisco  |e autor  |9 349468 
245 1 3 |a La Democracia ateniense. 
250 |a Tercera edición.  
260 |a Madrid, España.  |b Alianza,  |c 1983. 
300 |a 467 páginas.  
490 0 |a Alianza Universidad, 107. 
500 |a c.2 Donación Familia Prof. Alejandro Guzmán Brito. 
583 |a last modification  |c 19951117 00:00:00  |k Rodrigo Vera 
650 0 |a Democracia  |9 255256  |z Atenas 
650 0 |a Sistemas políticos  |2 CL-VaPUC  |9 258602 
650 0 |a Democratización  |9 316630 
650 0 |a Reforma política  |2 CL-VaPUC  |9 349470 
650 0 |a Filosofía antigua   |9 255705 
700 |a Gonzalo, Manuel  |e adaptación  |9 865909 
942 |c BK  |2 ddc  |n 0 
945 |d 19951117 00:00:00  |a lriquelm 
952 |0 0  |1 0  |4 0  |6 320_531000000000000_ROD_1983  |7 0  |8 P  |9 254237  |a BIBEDU  |b BIBEDU  |c BIBEDU_PB  |d 2019-11-19  |i 1575856  |l 2  |m 3  |o 320.531 ROD 1983  |p 1575856  |r 2023-12-05  |s 2023-11-10  |w 2019-11-19  |y BK  |k FIL 
952 |0 0  |1 0  |2 ddc  |4 0  |6 320_531000000000000_ROD_1983  |7 1  |8 C_AGB  |9 580702  |a BIBDER  |b BIBDER  |d 2022-01-19  |e Donación   |i 564044K   |o 320.531 ROD 1983  |p 564044K  |r 2023-01-25  |t 2  |w 2022-01-19  |y BK_US  |k AGB